00630nam a22002057a 450000500170000001000130001702000220003003500130005203700160006504000120008108200200009310000170011324500780013026000380020827000380024630000230028450000490030765000240035665000440038020170124105919.0 aA-761807 c00.00a8185880883 aA-761807 bCen Lib/Ret aDPLbEN a307.772082bMAN aMann,Kamlesh aTribal woman :cby Kamlesh Mannbon the threshold of twenty-first century aNew DelhibM D Publicationsc1996 a11 Dariya GanjbNew Delhie110002 aix,173p.c20cm(Hb) aIncludes bibliographical reference and index aTribal Woman -India aTribal Woman -India-Economic Conditions